[Event "Foxwoods op 16th"]
[Site "Ledyard"]
[Date "2024.03.28"]
[Round "2"]
[White "Antova, Gabriela"]
[Black "Schmakel, Sam A"]
[Result "1/2-1/2"]
[WhiteElo "2235"]
[BlackElo "2457"]
[PlyCount "93"]
[EventDate "2024.03.27"]
[EventType "swiss"]
[EventRounds "9"]
[EventCountry "USA"]
[SourceTitle "CB14_2024"]
[SourceDate "2024.04.01"]
[SourceVersion "1"]
[SourceVersionDate "2024.04.01"]
[SourceQuality "1"]

1. d4 Nf6 2. c4 g6 3. Nf3 Bg7 4. g3 0-0 5. Bg2 d6 6. 0-0 c5 7. dxc5 dxc5 8. Ne5 Qd4 9. Qxd4 cxd4 10. Nd2 Nfd7 11. Nxd7 Nxd7 12. Nb3 a5 13. Rd1 Rd8 14. Bf4 e5 15. Bd2 a4 16. Na5 Nc5 17. b4 axb3 18. axb3 e4 19. Rab1 Bg4 20. b4 d3 21. e3 Bxd1 22. Rxd1 b6 23. Nc6 Nb3 24. Bxe4 Nxd2 25. Rxd2 Ra1+ 26. Kg2 Bc3 27. Rxd3 Rxd3 28. Bxd3 Ra2 29. Kf1 Kf8 30. Be4 Rb2 31. b5 f5 32. Bd5 h6 33. h4 Kg7 34. Nb8 Ba5 35. Nd7 Rd2 36. Kg2 Rc2 37. Kf1 Rb2 38. Be6 Rd2 39. Bd5 Rd1+ 40. Ke2 Re1+ 41. Kf3 Rg1 42. Be6 Rd1 43. Bd5 Rd2 44. Kg2 Rb2 45. Kf1 Rc2 46. Be6 Rb2 47. Bd5 1/2-1/2

[Event "Titled Tuesday intern op 06th Feb Late"]
[Site "Chess.com INT"]
[Date "2024.02.06"]
[Round "2"]
[White "Antova, Gabriela"]
[Black "Kashefi, Amir Hossein"]
[Result "0-1"]
[WhiteElo "2235"]
[BlackElo "2193"]
[PlyCount "64"]
[EventDate "2024.02.06"]
[EventType "swiss (blitz)"]
[EventRounds "11"]
[EventCountry "USA"]
[SourceTitle "CB07_2024"]
[SourceDate "2024.02.14"]
[SourceVersion "1"]
[SourceVersionDate "2024.02.14"]
[SourceQuality "1"]

1. Nf3 d5 2. e3 c6 3. c4 Nf6 4. b3 Bg4 5. Bb2 e6 6. h3 Bh5 7. g4 Bg6 8. Ne5 Nbd7 9. Nxg6 hxg6 10. Bg2 Bd6 11. Nc3 Qe7 12. Qc2 Ba3 13. g5 Ng8 14. h4 dxc4 15. bxc4 Ne5 16. Bxa3 Qxa3 17. Qe4 Nd7 18. Rb1 Nc5 19. Qc2 0-0-0 20. d4 Na6 21. Rb3 Qa5 22. Ke2 Ne7 23. Qb2 Rd7 24. Rb1 b6 25. Ra3 Qf5 26. Rxa6 Rxh4 27. Ra3 Rh2 28. Bf3 Qxg5 29. c5 Nf5 30. cxb6 Qxe3+ 31. Kf1 Qxf3 32. Ke1 Rh1+ 0-1

[Event "Sunnyvale Silicon Valley Fall op"]
[Site "Sunnyvale"]
[Date "2023.09.03"]
[Round "7"]
[White "Antova, Gabriela"]
[Black "Xie, Bryan"]
[Result "1/2-1/2"]
[WhiteElo "2223"]
[BlackElo "2329"]
[PlyCount "40"]
[EventDate "2023.08.31"]
[EventType "swiss"]
[EventRounds "9"]
[EventCountry "USA"]
[SourceTitle "EXT 2024"]
[Source "ChessBase"]
[SourceDate "2023.10.10"]
[SourceVersion "1"]
[SourceVersionDate "2023.10.10"]
[SourceQuality "1"]

1. d4 Nf6 2. c4 e6 3. Nf3 d5 4. Nc3 Be7 5. Bf4 0-0 6. e3 b6 7. Be2 Bb7 8. 0-0 Nbd7 9. Rc1 c5 10. cxd5 Nxd5 11. Nxd5 Bxd5 12. dxc5 Nxc5 13. b4 Ne4 14. a3 a5 15. Bc7 Qe8 16. Bxb6 axb4 17. axb4 Bxb4 18. Bd4 Qe7 19. Bc4 Bxc4 20. Rxc4 Rfc8 1/2-1/2

[Event "Titled Tuesday intern op 29th Aug Late"]
[Site "Chess.com INT"]
[Date "2023.08.29"]
[Round "7"]
[White "Xu, Gordon"]
[Black "Antova, Gabriela"]
[Result "0-1"]
[WhiteElo "2002"]
[BlackElo "2223"]
[PlyCount "142"]
[EventDate "2023.08.29"]
[EventType "swiss (blitz)"]
[EventRounds "11"]
[EventCountry "USA"]
[SourceTitle "EXT 2024"]
[Source "ChessBase"]
[SourceDate "2023.10.10"]
[SourceVersion "1"]
[SourceVersionDate "2023.10.10"]
[SourceQuality "1"]

1. e4 e5 2. Nf3 Nc6 3. Bb5 a6 4. Ba4 d6 5. 0-0 g6 6. c3 Bg7 7. d4 Bd7 8. Re1 Nf6 9. Bg5 h6 10. Bh4 b5 11. Bc2 0-0 12. a4 Re8 13. Nbd2 exd4 14. cxd4 g5 15. Bg3 g4 16. d5 gxf3 17. dxc6 Bxc6 18. Qxf3 Qd7 19. axb5 axb5 20. Bh4 Rxa1 21. Rxa1 Qg4 22. Qxg4 Nxg4 23. Rb1 Bd4 24. h3 Ne5 25. Kf1 b4 26. f4 Bb5+ 27. Ke1 Nd3+ 28. Kd1 Nxb2+ 29. Kc1 c5 30. Rxb2 Bxb2+ 31. Kxb2 c4 32. Nf3 Bc6 33. Bd1 Bxe4 34. Nd4 Bxg2 35. Nf5 d5 36. Nxh6+ Kf8 37. Nf5 Be4 38. Nd6 Re6 39. Nxe4 Rxe4 40. Bf3 Rd4 41. Bg5 Rd2+ 42. Kc1 c3 43. f5 Rd3 44. Be2 Rxh3 45. Bf4 b3 46. Bd6+ Kg8 47. Ba3 Rh1+ 48. Bd1 c2 49. Kb2 Rxd1 50. Kxb3 c1Q 51. Bxc1 Rxc1 52. Kb4 Rf1 53. Kc5 Rxf5 54. Kd4 Kg7 55. Kd3 Kg6 56. Kd4 Rg5 57. Ke3 f6 58. Kd4 f5 59. Ke3 Rg4 60. Kf3 Kg5 61. Ke3 f4+ 62. Kf3 Rg3+ 63. Ke2 Kf5 64. Kf2 Kg4 65. Ke2 f3+ 66. Kf2 Rg2+ 67. Kf1 Kg3 68. Ke1 Ra2 69. Kf1 d4 70. Kg1 d3 71. Kf1 Ra1# 0-1

[Event "Prague op"]
[Site "Prague"]
[Date "2023.06.24"]
[Round "3"]
[White "Sokolovsky, Yahli"]
[Black "Antova, Gabriela"]
[Result "1-0"]
[WhiteElo "2464"]
[BlackElo "2259"]
[PlyCount "57"]
[EventDate "2023.06.22"]
[EventType "swiss"]
[EventRounds "9"]
[EventCountry "CZE"]
[SourceTitle "CBM 215 Extra"]
[Source "ChessBase"]
[SourceDate "2023.09.30"]
[SourceVersion "1"]
[SourceVersionDate "2023.09.30"]
[SourceQuality "1"]

1. e4 e5 2. Nf3 Nc6 3. Bb5 a6 4. Ba4 Nf6 5. d3 b5 6. Bb3 Bc5 7. Nc3 d6 8. Nd5 h6 9. c3 Nxd5 10. Bxd5 Bd7 11. b4 Bb6 12. Qb3 0-0 13. Rg1 Qe8 14. g4 Kh8 15. Nh4 Be6 16. g5 h5 17. g6 Bxd5 18. exd5 Ne7 19. Bg5 Nxg6 20. Qd1 Nf4 21. Kd2 g6 22. Qf3 Kh7 23. Bxf4 exf4 24. Rg5 Qe7 25. Rag1 Qf6 26. Nf5 Rh8 27. Qxh5+ Kg8 28. Rxg6+ Kf8 29. Qh6+ 1-0

[Event "Saint Louis Super Swiss"]
[Site "Saint Louis"]
[Date "2023.03.12"]
[Round "1"]
[White "Antova, Gabriela"]
[Black "Yoo, Christopher Woojin"]
[Result "0-1"]
[WhiteElo "2266"]
[BlackElo "2591"]
[PlyCount "68"]
[EventDate "2023.03.12"]
[EventType "swiss"]
[EventRounds "9"]
[EventCountry "USA"]
[SourceTitle "CBM 213 Extra"]
[Source "ChessBase"]
[SourceDate "2023.05.31"]
[SourceVersion "1"]
[SourceVersionDate "2023.05.31"]
[SourceQuality "1"]

1. d4 Nf6 2. Nf3 e6 3. c4 b6 4. g3 Bb7 5. Bg2 Bb4+ 6. Bd2 a5 7. 0-0 0-0 8. Bg5 Be7 9. Nc3 Ne4 10. Bxe7 Qxe7 11. Qc2 Nxc3 12. Qxc3 d6 13. Rfe1 Be4 14. Nh4 f5 15. Bxe4 fxe4 16. Qe3 d5 17. Rac1 a4 18. a3 Qd7 19. f3 Nc6 20. Red1 Na5 21. cxd5 exd5 22. fxe4 Nc4 23. Qc3 Qg4 24. exd5 b5 25. Re1 Rae8 26. e3 Rf6 27. Ng2 g5 28. Rc2 Ref8 29. e4 h5 30. Qd3 Rf3 31. Qe2 h4 32. Rc3 h3 33. Rxf3 Rxf3 34. e5 Qxd4+ 0-1

[Event "Carlos Torre Memorial op 32nd"]
[Site "Merida"]
[Date "2022.12.21"]
[Round "9"]
[White "Ramirez Alvarez, Alejandro"]
[Black "Antova, Gabriela"]
[Result "1-0"]
[WhiteElo "2561"]
[BlackElo "2278"]
[PlyCount "108"]
[EventDate "2022.12.16"]
[EventType "swiss"]
[EventRounds "9"]
[EventCountry "MEX"]
[SourceTitle "CBM 212 Extra"]
[Source "ChessBase"]
[SourceDate "2023.03.31"]
[SourceVersion "1"]
[SourceVersionDate "2023.03.31"]
[SourceQuality "1"]

1. c4 e5 2. Nc3 Nf6 3. e3 Nc6 4. a3 d5 5. cxd5 Nxd5 6. Qc2 Nxc3 7. Qxc3 Bd6 8. b4 a6 9. Bb2 0-0 10. Nf3 Qe7 11. Bc4 Kh8 12. Bd5 f6 13. Bxc6 bxc6 14. Qxc6 Bd7 15. Qc2 a5 16. bxa5 Rxa5 17. 0-0 e4 18. Nd4 Rc5 19. Qd1 Qe5 20. g3 Qg5 21. f4 exf3 22. Qxf3 h5 23. a4 h4 24. Ba3 Rd5 25. Bxd6 Rxd6 26. Qf4 Qxf4 27. gxf4 c5 28. Nb3 Bh3 29. Rf2 g5 30. fxg5 Rg8 31. Kh1 Rxg5 32. Rg1 Rb6 33. Rf4 Rxb3 34. Rxh4+ Kg7 35. Rxh3 Ra3 36. Rh4 Ra2 37. Rc4 Rxg1+ 38. Kxg1 Rxd2 39. Rxc5 Ra2 40. a5 Kg6 41. h3 Re2 42. a6 Ra2 43. Rc6 Kf5 44. Kf1 Kg5 45. Ke1 Kh4 46. Rxf6 Kxh3 47. Kd1 Kg4 48. Kc1 Kg5 49. Rb6 Kf5 50. Kb1 Ra5 51. Kb2 Ke4 52. Kb3 Kxe3 53. Kb4 Ra1 54. Kc5 Ke4 1-0

[Event "Carlos Torre Memorial op 32nd"]
[Site "Merida"]
[Date "2022.12.19"]
[Round "6"]
[White "Antova, Gabriela"]
[Black "Jorajuria Mendoza, Algol"]
[Result "1-0"]
[WhiteElo "2278"]
[BlackElo "2115"]
[PlyCount "121"]
[EventDate "2022.12.16"]
[EventType "swiss"]
[EventRounds "9"]
[EventCountry "MEX"]
[SourceTitle "CBM 212 Extra"]
[Source "ChessBase"]
[SourceDate "2023.03.31"]
[SourceVersion "1"]
[SourceVersionDate "2023.03.31"]
[SourceQuality "1"]

1. Nf3 d5 2. b3 c5 3. e3 Nc6 4. Bb2 Bg4 5. Bb5 f6 6. h3 Bh5 7. c4 e6 8. cxd5 exd5 9. Nc3 a6 10. Be2 Bf7 11. d4 cxd4 12. Nxd4 Bb4 13. a3 Nxd4 14. Qxd4 Bxc3+ 15. Bxc3 Ne7 16. 0-0 0-0 17. b4 Rc8 18. Rac1 Nf5 19. Qf4 Nd6 20. Bd4 Ne4 21. Bg4 Rxc1 22. Rxc1 h5 23. Be2 Re8 24. Qc7 Nd6 25. Qxd8 Rxd8 26. Rc7 Rc8 27. Rxc8+ Nxc8 28. Bc5 g6 29. Bf3 f5 30. Kf1 Be6 31. Ke2 Kf7 32. Kd3 Ne7 33. Bd1 Nc6 34. f4 b5 35. Kc3 Bd7 36. Bf3 Ke6 37. Be2 Be8 38. g3 Bd7 39. Bb6 Be8 40. a4 Ne7 41. axb5 axb5 42. Kd4 Ng8 43. Bd8 Kd6 44. Bf3 Bc6 45. Bg5 Bb7 46. Bh1 Bc6 47. Bg2 Bb7 48. Bf3 Bc6 49. g4 hxg4 50. hxg4 fxg4 51. Bxg4 Be8 52. Bd1 Bd7 53. Be2 Bc6 54. Bf3 Bb7 55. Bd1 Bc8 56. Be2 Bd7 57. Bf1 Bc6 58. Bd3 Be8 59. Bb1 Bf7 60. Bc2 Be8 61. Bb3 1-0

[Event "Carlos Torre Memorial op 32nd"]
[Site "Merida"]
[Date "2022.12.17"]
[Round "3"]
[White "Pla, Silvio"]
[Black "Antova, Gabriela"]
[Result "0-1"]
[WhiteElo "2048"]
[BlackElo "2278"]
[PlyCount "84"]
[EventDate "2022.12.16"]
[EventType "swiss"]
[EventRounds "9"]
[EventCountry "MEX"]
[SourceTitle "CBM 212 Extra"]
[Source "ChessBase"]
[SourceDate "2023.03.31"]
[SourceVersion "1"]
[SourceVersionDate "2023.03.31"]
[SourceQuality "1"]

1. c4 e5 2. Nc3 Nf6 3. Nf3 Nc6 4. e4 Bc5 5. Nxe5 Nxe5 6. d4 Bb4 7. dxe5 Nxe4 8. Qf3 f5 9. Be2 0-0 10. 0-0 Bxc3 11. bxc3 b6 12. Ba3 c5 13. Qd3 Bb7 14. Rad1 Bc6 15. f3 Ng5 16. f4 Ne4 17. Bf3 Qe8 18. Bxe4 fxe4 19. Qe2 Kh8 20. Rd6 Rc8 21. Bc1 Qe7 22. Be3 Rce8 23. Qh5 Kg8 24. Rfd1 Ba4 25. R1d2 Qf7 26. Qe2 Kh8 27. R2d5 Bc6 28. Rd2 Ba4 29. R2d5 Re6 30. Rxe6 Qxe6 31. Rd6 Qf7 32. h3 Re8 33. Kh2 Re6 34. Qd2 Bc6 35. g4 h6 36. Kg3 Kg8 37. Rd5 Re8 38. a3 h5 39. Qa2 Bxd5 40. cxd5 g5 41. c4 gxf4+ 42. Bxf4 h4+ 0-1

[Event "US Masters op"]
[Site "Charlotte"]
[Date "2022.11.24"]
[Round "2"]
[White "Budisavljevic, Luka"]
[Black "Antova, Gabriela"]
[Result "1-0"]
[WhiteElo "2505"]
[BlackElo "2302"]
[PlyCount "93"]
[EventDate "2022.11.23"]
[EventType "swiss"]
[EventRounds "9"]
[EventCountry "USA"]
[SourceTitle "CBM 211 Extra"]
[Source "ChessBase"]
[SourceDate "2023.01.31"]
[SourceVersion "1"]
[SourceVersionDate "2023.01.31"]
[SourceQuality "1"]

1. Nf3 d5 2. c4 dxc4 3. e3 Nf6 4. Bxc4 e6 5. 0-0 c5 6. b3 a6 7. Bb2 b5 8. Be2 Bb7 9. a4 b4 10. d4 Nbd7 11. Nbd2 Be7 12. Rc1 Rc8 13. Nc4 0-0 14. Rc2 cxd4 15. Nxd4 Nc5 16. Bf3 Nfe4 17. a5 Bf6 18. Nb6 Rb8 19. Rc4 e5 20. Bxe4 Nxe4 21. Nf3 Nd6 22. Rxb4 Qe7 23. Nd5 Bxd5 24. Rxb8 Rxb8 25. Qxd5 Qe6 26. Rd1 Qxd5 27. Rxd5 Ne4 28. Bxe5 Rxb3 29. g3 h6 30. Rd4 Bxe5 31. Nxe5 f5 32. h4 Rb5 33. Nc4 h5 34. Kg2 Rb4 35. Rd8+ Kh7 36. Nd6 Nf6 37. Nxf5 Rb5 38. Nd6 Rxa5 39. e4 Ra2 40. Rf8 Rd2 41. e5 Ng4 42. Ne4 Rd5 43. Ng5+ Kg6 44. f4 Ne3+ 45. Kf2 Nf5 46. g4 Nxh4 47. Kg3 1-0

[Event "New York Fall IM-C"]
[Site "Long Island City"]
[Date "2022.11.12"]
[Round "6"]
[White "Antova, Gabriela"]
[Black "Xie, Bryan"]
[Result "0-1"]
[WhiteElo "2302"]
[BlackElo "2133"]
[PlyCount "74"]
[EventDate "2022.11.09"]
[EventType "tourn"]
[EventRounds "9"]
[EventCountry "USA"]
[SourceTitle "CBM 211 Extra"]
[Source "ChessBase"]
[SourceDate "2023.01.31"]
[SourceVersion "1"]
[SourceVersionDate "2023.01.31"]
[SourceQuality "1"]

1. d4 Nf6 2. c4 e6 3. Nf3 Bb4+ 4. Nbd2 0-0 5. e3 b6 6. Bd3 Bb7 7. 0-0 Be7 8. Qc2 c5 9. e4 Nc6 10. e5 Nb4 11. exf6 Nxc2 12. fxe7 Qxe7 13. Bxc2 cxd4 14. Nxd4 Qh4 15. f4 Rac8 16. b3 d5 17. Bb2 Rfd8 18. Rf2 Qf6 19. Rd1 Ba6 20. Nf1 dxc4 21. bxc4 Rxc4 22. Nc6 Rxd1 23. Bxd1 e5 24. Nxe5 Rxf4 25. Bf3 Qe6 26. Rd2 h5 27. Ng3 Qxa2 28. h3 Qb1+ 29. Kh2 h4 30. Nh5 Rf5 31. Nc6 Qe1 32. Rd1 Qe3 33. Rd8+ Kh7 34. Bd4 Qe1 35. Bg4 Rf1 36. Bg1 Rxg1 37. Bf5+ Kh6 0-1

[Event "Saint Louis 1000 IM 2nd"]
[Site "Saint Louis"]
[Date "2022.09.24"]
[Round "7"]
[White "Krishnan, Varun"]
[Black "Antova, Gabriela"]
[Result "1/2-1/2"]
[WhiteElo "2306"]
[BlackElo "2305"]
[PlyCount "93"]
[EventDate "2022.09.21"]
[EventType "tourn"]
[EventRounds "9"]
[EventCountry "USA"]
[EventCategory "2"]
[SourceTitle "CBM 210 Extra"]
[Source "ChessBase"]
[SourceDate "2022.11.30"]
[SourceVersion "1"]
[SourceVersionDate "2022.11.30"]
[SourceQuality "1"]

1. e4 e5 2. Nf3 Nc6 3. Bb5 a6 4. Ba4 d6 5. c3 g6 6. 0-0 Bg7 7. d4 Bd7 8. Be3 Nf6 9. Nbd2 Ng4 10. Qe2 Nxe3 11. fxe3 b5 12. Bc2 0-0 13. a4 Ne7 14. b4 h6 15. Ne1 exd4 16. exd4 c5 17. bxc5 dxc5 18. e5 cxd4 19. cxd4 bxa4 20. Qe3 Bb5 21. Rf2 Nd5 22. Qa3 Nb6 23. Ndf3 Rc8 24. Nd3 Bc6 25. Nde1 Re8 26. h4 Bf8 27. Qd3 Bb5 28. Qe4 Nd5 29. h5 Nf6 30. Qe3 Nxh5 31. Bxa4 Nf6 32. Bb3 Rc7 33. Qf4 Nd5 34. Qe4 Rd7 35. Nd3 f5 36. Qe2 Kh7 37. Qd2 Qb6 38. Nf4 Nxf4 39. Qxf4 Bc6 40. Rb1 Qa7 41. e6 Rb7 42. Rc1 Bxf3 43. Rxf3 Bg7 44. Rd3 h5 45. Qd6 Rxb3 46. Rc7 Rb7 47. Rdc3 1/2-1/2

[Event "EU-ch (Women) 22nd"]
[Site "Prague"]
[Date "2022.08.30"]
[Round "10"]
[White "Javakhishvili, Lela"]
[Black "Antova, Gabriela"]
[Result "1-0"]
[WhiteElo "2476"]
[BlackElo "2269"]
[PlyCount "87"]
[EventDate "2022.08.20"]
[EventType "swiss"]
[EventRounds "11"]
[EventCountry "CZE"]
[SourceTitle "CBM 209 Extra"]
[Source "ChessBase"]
[SourceDate "2022.09.30"]
[SourceVersion "1"]
[SourceVersionDate "2022.09.30"]
[SourceQuality "1"]

1. d4 d5 2. c4 c6 3. Nf3 Nf6 4. g3 dxc4 5. Bg2 g6 6. 0-0 Bg7 7. a4 Ne4 8. Nc3 Nxc3 9. bxc3 0-0 10. a5 c5 11. Qa4 cxd4 12. Nxd4 e5 13. Nc2 Qc7 14. Nb4 Be6 15. a6 Nxa6 16. Nxa6 bxa6 17. Bxa8 Rxa8 18. Qxa6 Bc8 19. Qa5 Qc6 20. Rd1 Bb7 21. Rd8+ Rxd8 22. Qxd8+ Bf8 23. f3 Qb6+ 24. Qxb6 axb6 25. Be3 b5 26. Ra7 Bd5 27. Rd7 Bc6 28. Rc7 Bd5 29. Bc5 Kg7 30. Bxf8+ Kxf8 31. Rc5 Be6 32. Rxb5 f6 33. Rb6 Ke7 34. Rb7+ Bd7 35. Rc7 Kd6 36. Rxc4 Bb5 37. Rh4 Bxe2 38. Kf2 Bd3 39. Rxh7 g5 40. Rh8 Ke6 41. Ke3 Bc2 42. h4 gxh4 43. gxh4 f5 44. f4 1-0

[Event "EU-ch (Women) 22nd"]
[Site "Prague"]
[Date "2022.08.28"]
[Round "8"]
[White "Salimova, Nurgyul"]
[Black "Antova, Gabriela"]
[Result "1-0"]
[WhiteElo "2404"]
[BlackElo "2269"]
[PlyCount "141"]
[EventDate "2022.08.20"]
[EventType "swiss"]
[EventRounds "11"]
[EventCountry "CZE"]
[SourceTitle "CBM 209 Extra"]
[Source "ChessBase"]
[SourceDate "2022.09.30"]
[SourceVersion "1"]
[SourceVersionDate "2022.09.30"]
[SourceQuality "1"]

1. d4 d5 2. Nf3 Nf6 3. c4 c6 4. e3 e6 5. b3 Nbd7 6. Bd3 Bd6 7. Bb2 Ne4 8. 0-0 f5 9. Ne5 Qf6 10. f4 Bc7 11. Nd2 0-0 12. Ndf3 Qh6 13. Ba3 Re8 14. Nxd7 Bxd7 15. Bxe4 fxe4 16. Ne5 Bxe5 17. dxe5 Rac8 18. Bd6 Red8 19. Qd4 b6 20. c5 b5 21. a4 bxa4 22. Rxa4 Ra8 23. Qa1 Qh5 24. Rxa7 Qe8 25. Ra4 h5 26. Rf2 Rxa4 27. bxa4 Bc8 28. a5 Ba6 29. f5 exf5 30. Rxf5 Qg6 31. Rf4 Kh7 32. Qe1 Rd7 33. Qg3 Rf7 34. Rxf7 Qxf7 35. h3 Qf5 36. Qe1 g5 37. Qb1 Bb5 38. Qa1 Ba6 39. Qb2 Bb5 40. Qf2 Kg6 41. Qg3 Be2 42. h4 g4 43. Qf2 Bb5 44. Qxf5+ Kxf5 45. Kf2 Ba6 46. Kg3 Bf1 47. e6 Kxe6 48. Kf4 g3 49. Be5 Be2 50. Bd4 Kd7 51. Kxg3 Kc8 52. Kf4 Kb7 53. Ke5 Bg4 54. Kd6 Be2 55. Be5 Bg4 56. a6+ Kxa6 57. Kxc6 Bf5 58. Bd4 Ka7 59. Kc7 Ka8 60. c6 Bg4 61. Kd6 Kb8 62. Kxd5 Bf5 63. Ke5 Bg6 64. Kf6 Be8 65. Be5+ Kc8 66. g4 hxg4 67. Kg5 Bxc6 68. h5 Bd5 69. h6 Bg8 70. Kg6 Kd7 71. Kg7 1-0

[Event "EU-ch (Women) 22nd"]
[Site "Prague"]
[Date "2022.08.27"]
[Round "7"]
[White "Antova, Gabriela"]
[Black "Tsolakidou, Stavroula"]
[Result "1/2-1/2"]
[WhiteElo "2269"]
[BlackElo "2388"]
[PlyCount "70"]
[EventDate "2022.08.20"]
[EventType "swiss"]
[EventRounds "11"]
[EventCountry "CZE"]
[SourceTitle "CBM 209 Extra"]
[Source "ChessBase"]
[SourceDate "2022.09.30"]
[SourceVersion "1"]
[SourceVersionDate "2022.09.30"]
[SourceQuality "1"]

1. d4 Nf6 2. Nf3 d5 3. c4 e6 4. Nc3 Nbd7 5. cxd5 exd5 6. Bg5 c6 7. e3 h6 8. Bh4 Be7 9. Qc2 0-0 10. Bd3 Re8 11. 0-0-0 b5 12. Kb1 Bb7 13. Rhg1 Ne4 14. Bxe4 Bxh4 15. Bh7+ Kf8 16. g3 Bf6 17. h4 Nb6 18. g4 Bxh4 19. Nxh4 Qxh4 20. g5 Nc4 21. Ka1 Rad8 22. Bf5 Bc8 23. Rg4 Qh5 24. Rdg1 g6 25. Bxc8 Rxc8 26. Ne2 hxg5 27. Rxg5 Qf3 28. Nc1 c5 29. dxc5 Rxc5 30. Nd3 Rcc8 31. Qc3 Qe4 32. Qf6 Qe6 33. Qxe6 Rxe6 34. Rxd5 a6 35. Rd1 Kg7 1/2-1/2